01116cam a2200265 4500008004100000020003100041020002500072020002600097035001200123050002000135100001700155245007400172250001100246260004300257300002400300500005400324504003900378505016600417506001400583650004500597650006000642650006200702650006500764700002100829090217t19921992sp a 000 0 spa u a8425410258 (obra completa) a8425410568 (tomo II) a8425414644 (Tomo III) aa47898004aLA11 bB69 19921 aBowen, James10aHistoria de la educación occidental/ cJames Bowen ; tr. J. López a3a ed. aBarcelona :bEditorial Herder, cc1992 av. :bil. ;c25 cm. aTraducción de : A history of western education. aIncluye bibliografías e índice1 aContenido : gv.1 tEl mundo antiguo- gv.2 tLa civilización de Europa. Siglos VI a XVI- gv.3. tEl Occidente moderno. Europa y el Nuevo Mundo Siglos XVII-XX aRec. esc. 7aEducación occidental xHistoria 2Lemb 7aEstudio y enseñanza zHistoria zEuropaySiglo VI-XVI 7aEstudio y enseñanza xHistoria zEuropa ySiglo XVII-XX 7aEstudio y enseñanza xHistoria zAmérica ySiglo XVII-XX1 aLópez, J., tr.